000 00979cab a2200241 4500
001 ABS41831
008 090401t1989 xxu||||| |||| 00| 0 eng d
035 _a(Sirsi) u32764
041 _aeng
245 _aCompensation for compulsory purchase and planning
260 _c1989
350 _a0
490 _aJournal of Valuation
_v8(1) Autumn 1989, 80-86(7)
520 _aA review of case law over the past year concerning compulsory purchase and compensation under the Land Compensation Act 1973 Part I , the Town and Country Planning Act 1971 Schedule 8 and stop notices .
650 _aDEPRECIATION
650 _aLAND COMPENSATION ACT 1973
650 _aPOINTE GOURDE QUARRYING AND TRANSPORT CO LTD V CROWN LANDS SUPERINTENDENT
650 _aTOWN AND COUNTRY PLANNING ACT 1971 SCH 8
650 _aVALUATION ISSUES
690 _aENVIRONMENTAL AND LAND CONSULTANCY-PLANNING AND DEVELOPMENT-COMPULSORY PURCHASE AND COMPENSATION
942 _n0
948 _c04/03/1997
999 _c21899
_d21899